000
00273nam a2200121Ia 4500
005
20260328101508.0
008
260328s9999||||xx |||||||||||||| ||und||
245
0
_a
Cathedrale Saint Jean - Lyon /
260
_b
Lescuyer
300
_a
58 p.
650
_a
HISTORIA
942
_c
BK
999
_c
9104
_d
9104